Państwa Graniczące Z Niemcami - Dla Ignacego - Statystyki

Ogólne statystyki
  • Ten quiz został rozwiązany 694 razy
  • Średni wynik to 9 z 9
Statystyki odpowiedzi
Odpowiedź % Poprawnych
4 Polska
100%
7 Francja
96%
1 Austria
95%
3 Czechy
95%
8 Holandia
95%
2 Belgia
94%
5 Dania
94%
9 Szwajcaria
92%
6 Luksemburg
89%
Nie znaleziono quizów pasujących do podanych kryteriów
Rozkład punktacji
Procent ludzi z każdym wynikiem
Percentyl według liczby udzielonych odpowiedzi
Twoja historia wyników
Nie rozwiązałeś tego quizu